Datum a čas kvízu

39 Celkem bodů Celkový počet nahraných bodů na tomto kvízu bez doplňovacích otázek.
7. Pořadí na kvízu Konečné umístění týmu na tomto kvízu.

Zaznamenané odpovědi

# Otázka Odpověď Body Výsledky
1. Která společnost začala minulý... Foodora 1
2. Odstín které barvy byl americk... bílé 1
3. Kterou známou hollywoodskou he... Julii Roberts 1
4. Který asijský stát oznámil, že... Čína 0
5. Ve kterém městě se minulý týde... ve Washingtonu 0
6. Jak jinak začít toto téma, než... žlutý trpaslík 0.5
7. Další otázku věnujme Zemi. Jed... 6378 km 1
8. Nyní se podíváme na planety, c... Uran; Venuše 1
9. Na řadě je rychlost planet. Co... B 0
10. Přiřaďte názvy těchto čtyř pla... 1B; 2D; 3C; 4A 0